Southville International School and Colleges
Your cart is empty.
  • Cart
  • Lists
    Public lists Eva Luna New books Lux_list list_1
    Your lists Log in to create your own lists
  • Log in to your account
  • Your cookies
  • Search history
Southville International School and Colleges
  • Advanced search
  • Recent comments
  • Most popular
  • Libraries

Log in to your account

Log in with GOOGLE


If you do not have an external account, but do have a local account, you can still log in:

  1. Home
  2. MARC view: Good news Bible :
Normal view MARC view ISBD view

Good news Bible : (Record no. 10162)

[ view plain ]
MARC details
000 -LEADER
fixed length control field 00528nam a22001937a 4500
003 - CONTROL NUMBER IDENTIFIER
control field OSt
005 - DATE AND TIME OF LATEST TRANSACTION
control field 20140310182159.0
008 - FIXED-LENGTH DATA ELEMENTS--GENERAL INFORMATION
fixed length control field 130902t xxu||||| |||| 00| 0 eng d
050 ## - LIBRARY OF CONGRESS CALL NUMBER
Classification number BS 195
Item number G646 1966
082 ## - DEWEY DECIMAL CLASSIFICATION NUMBER
Classification number HS 220.5
Item number G61 1979
245 ## - TITLE STATEMENT
Title Good news Bible :
Remainder of title with Deuterocanonicals/Apocrypha /
260 ## - PUBLICATION, DISTRIBUTION, ETC. (IMPRINT)
Place of publication, distribution, etc New York :
Name of publisher, distributor, etc American Bible Society,
Date of publication, distribution, etc c1966.
300 ## - PHYSICAL DESCRIPTION
Extent 413 p. :
Other physical details ill, ;
Dimensions 20 cm.
500 ## - GENERAL NOTE
General note includes index.
541 ## - IMMEDIATE SOURCE OF ACQUISITION NOTE
-- 1
562 ## - COPY AND VERSION IDENTIFICATION NOTE
Number of copies 1
650 ## - SUBJECT ADDED ENTRY--TOPICAL TERM
Topical term or geographic name as entry element Bible.
9 (RLIN) 16131
942 ## - ADDED ENTRY ELEMENTS (KOHA)
Source of classification or shelving scheme Library of Congress Classification
Koha item type
Holdings
Withdrawn status Lost status Source of classification or shelving scheme Damaged status Home library Current library Shelving location Date acquired Total Checkouts Full call number Barcode Date last seen Copy number Price effective from Koha item type
    Library of Congress Classification   Luxembourg Library Luxembourg Library High School Section 09/02/2013   BS 195 .G646 1966 9035 09/02/2013 1 09/02/2013 Books

Good news Bible :

APA

(1966). Good news Bible. New York: American Bible Society.

Chicago

1966. Good news Bible. New York: American Bible Society.

Harvard

(1966). Good news Bible. New York: American Bible Society.

MLA

Good news Bible. New York: American Bible Society. 1966.

  • Place hold
  • Print
  • Cite
  • Add to your cart (remove)
  • Save record
    BIBTEX Dublin Core MARCXML MARC (non-Unicode/MARC-8) MARC (Unicode/UTF-8) MARC (Unicode/UTF-8, Standard) MODS (XML) RIS
  • More searches
    Search for this title in:
    Other Libraries (WorldCat) Other Databases (Google Scholar) Online Stores (Bookfinder.com) Open Library (openlibrary.org)

Exporting to Dublin Core...

SOUTHVILLE LIBRARY

Southville International School and Colleges Library

1281 Tropical Ave. Cor. Luxembourg St., BF Homes International, Las Pinas City

Tel. No. 8256374 / 252358 Loc. 117/146

Powered by Koha